00361nam a2200133Ia 4500008004100000041001200041082002000053100001900073245008300092250001300175260001900188300001300207650000700220231217s9999 xx 000 0 und d aEnglish a001.6404 MEH;1 aMehta, Subhash 0aPC made simple: Working on the IBM PC compatible includes tips and tricks..... a4th ed.  c1997bGalgotia axxvi+715 aPC